Current NRL Players with State of Origin Appearances for Queensland - Statistics

General Stats
  • This quiz has been taken 58 times
    53 since last reset
  • The average score is 27 of 42
Answer Stats
State of Origin
Appearances
Player Position Last Appearance % Correct
2 Reece Walsh FLB 2023
97%
15 Valentine Holmes CTW 2023
97%
21 Daley Cherry-Evans HLF 2023
93%
7 Harry Grant HOK 2023
93%
16 Ben Hunt HOK/HLF 2023
90%
17 Cam Munster 5/8 2023
90%
22 Dane Gagai CTW 2022
90%
7 Kalyn Ponga FLB 2022
90%
23 Josh Papali'i FRF 2022
87%
7 David Fifita 2RF 2023
83%
4 Jeremiah Nanai 2RF 2023
83%
3 Murray Taulagi CTW 2023
80%
11 Tino Fa'asuamaleaui 2RF/FRF 2023
80%
1 Tom Dearden 5/8 2022
80%
7 Xavier Coates CTW 2023
80%
5 Patrick Carrigan 2RF 2023
77%
3 Reuben Cotter FRF 2023
77%
4 Selwyn Cobbo CTW 2023
77%
3 AJ Brimson FLB 2021
73%
3 Hamiso Tabuai-Fidow CTW 2023
73%
9 Kurt Capewell 2RF 2022
73%
8 Lindsay Collins FRF 2023
73%
9 Corey Oates CTW 2022
67%
5 Moeaki Fotuaika FRF 2023
60%
1 Corey Allan FLB 2020
57%
12 Jai Arrow 2RF 2023
57%
3 Thomas Flegler FRF 2023
57%
1 Brenko Lee CTW 2020
53%
1 Edrick Lee CTW 2020
53%
14 Felise Kaufusi 2RF 2022
53%
2 Tom Gilbert 2RF/FRF 2023
50%
6 Christian Welch FRF 2021
47%
4 Jayden Su'A 2RF 2021
47%
2 Kyle Feldt CTW 2021
40%
2 Phillip Sami CTW 2020
40%
2 Anthony Milford 5/8 2018
37%
2 Francis Molo FRF 2021
33%
6 Coen Hess 2RF 2020
30%
6 Jarrod Wallace FRF 2019
23%
3 Joe Ofahengaue FRF 2021
20%
7 Dylan Napa FRF 2019
17%
3 Moses Mbye CTW 2019
13%
No matching quizzes found
Score Distribution
Percent of People with Each Score
Percentile by Number Answered
Your Score History
You have not taken this quiz since the last reset